[Event "Mittelfranken-chTB2a 1920"]
[Site "Mittelfranken"]
[Date "2020.01.12"]
[Round "4.7"]
[White "Violis, Theodoros"]
[Black "Bachhuber, Dominik"]
[Result "0-1"]
[WhiteElo "1607"]
[BlackElo "1936"]
[PlyCount "80"]
[EventDate "2019.10.13"]
[EventType "team-tourn"]
[EventRounds "9"]
[EventCountry "GER"]
[SourceTitle "EXT 2023"]
[Source "ChessBase"]
[SourceDate "2022.10.05"]
[SourceVersion "1"]
[SourceVersionDate "2022.10.05"]
[SourceQuality "1"]
[WhiteTeam "Cadolzburg"]
[BlackTeam "Nuernberg Jaeklechemie"]
[WhiteTeamCountry "GER"]
[BlackTeamCountry "GER"]

1. e4 c5 2. Nf3 d6 3. d4 cxd4 4. Nxd4 Nf6 5. Nc3 a6 6. f4 Qc7 7. Bd3 Nbd7 8. 0-0 e5 9. Nf3 Be7 10. Kh1 b5 11. Qe2 Bb7 12. a3 0-0 13. f5 Nc5 14. g4 d5 15. Nd2 dxe4 16. Ndxe4 Nfxe4 17. Nxe4 Qc6 18. Re1 Bh4 19. Bd2 Bxe1 20. Rxe1 Rfd8 21. Bc3 f6 22. Qf3 Qd5 23. g5 Nxd3 24. cxd3 Qxd3 25. Nxf6+ gxf6 26. Qxb7 fxg5 27. Qg2 Qxf5 28. Rf1 Qg6 29. Ba5 Re8 30. Qd5+ Qe6 31. Qg2 Ra7 32. Bc3 Rd7 33. Re1 Qd5 34. Re4 h6 35. h4 Rg7 36. Kh2 gxh4 37. Qe2 h3 38. Kxh3 Qe6+ 39. Kh2 Qg6 40. Qf3 Rf8 0-1

[Event "Mittelfranken-chTB2a 1819"]
[Site "Mittelfranken"]
[Date "2018.11.04"]
[Round "2.8"]
[White "Lais, Thomas"]
[Black "Violis, Theodoros"]
[Result "1-0"]
[WhiteElo "1903"]
[BlackElo "1416"]
[PlyCount "81"]
[EventDate "2018.10.14"]
[EventType "team-tourn"]
[EventRounds "9"]
[EventCountry "GER"]
[SourceTitle "EXT 2022"]
[Source "ChessBase"]
[SourceDate "2021.10.06"]
[SourceVersion "1"]
[SourceVersionDate "2021.10.06"]
[SourceQuality "1"]
[WhiteTeam "Nuernberg Sued SW IV"]
[BlackTeam "Cadolzburg"]
[WhiteTeamCountry "GER"]
[BlackTeamCountry "GER"]

1. e4 e5 2. Nf3 Nc6 3. Bb5 Nf6 4. Qe2 Bc5 5. c3 Qe7 6. d3 0-0 7. Bg5 Re8 8. Nbd2 d6 9. 0-0 Bg4 10. h3 Bd7 11. Rfe1 a6 12. Ba4 b5 13. Bb3 Be6 14. Bd5 Qd7 15. Bxf6 gxf6 16. Bxc6 Qxc6 17. d4 exd4 18. cxd4 Bb4 19. d5 Bxd5 20. exd5 Rxe2 21. dxc6 Rxd2 22. Nxd2 Bxd2 23. Re7 Rc8 24. g3 f5 25. f4 Kf8 26. Re2 Bb4 27. Kg2 d5 28. a3 Bc5 29. Re5 Bd4 30. Rxd5 Bxb2 31. Ra2 Bf6 32. Rxf5 Be7 33. Rd5 Bd6 34. Kf3 Re8 35. Rd3 Kg7 36. Re2 Rxe2 37. Kxe2 Bc5 38. Kf3 Kg6 39. Ke4 Kf6 40. g4 Ke7 41. Rd7+ 1-0

[Event "Mittelfranken-chTB2a 1718"]
[Site "Mittelfranken"]
[Date "2018.02.18"]
[Round "5.8"]
[White "Taskin, Kadir"]
[Black "Violis, Theodoros"]
[Result "1-0"]
[WhiteElo "1737"]
[BlackElo "1397"]
[PlyCount "59"]
[EventDate "2017.10.08"]
[EventType "team-tourn"]
[EventRounds "9"]
[EventCountry "GER"]
[SourceTitle "EXT 2022"]
[Source "ChessBase"]
[SourceDate "2021.10.06"]
[SourceVersion "1"]
[SourceVersionDate "2021.10.06"]
[SourceQuality "1"]
[WhiteTeam "Fuerth SG"]
[BlackTeam "Cadolzburg"]
[WhiteTeamCountry "GER"]
[BlackTeamCountry "GER"]

1. d4 d5 2. c4 e6 3. Nf3 Nf6 4. e3 c5 5. Bd3 cxd4 6. exd4 Be7 7. 0-0 0-0 8. Nc3 Nc6 9. a3 dxc4 10. Bxc4 Qb6 11. Be3 Qxb2 12. Na4 Qxa3 13. Rxa3 Bxa3 14. Qd3 Be7 15. Rb1 b6 16. Nc3 Bb7 17. Ne5 Nb4 18. Qd2 Rac8 19. Bd3 Nbd5 20. Nxd5 Nxd5 21. h3 f6 22. Nf3 Bd6 23. Qa2 a5 24. Be4 Rb8 25. Rc1 Kh8 26. Bxd5 Bxd5 27. Qa4 Rf7 28. Nd2 Ra7 29. Rb1 Rc7 30. Rxb6 1-0

[Event "Landesliga U20 Nord 1617"]
[Site "Bayern"]
[Date "2017.03.11"]
[Round "6.3"]
[White "Violis, Theodoros"]
[Black "Wild, Michael"]
[Result "1/2-1/2"]
[WhiteElo "1497"]
[BlackElo "1543"]
[PlyCount "86"]
[EventDate "2016.11.12"]
[EventType "team-tourn"]
[EventRounds "7"]
[EventCountry "GER"]
[SourceTitle "EXT 2022"]
[Source "ChessBase"]
[SourceDate "2021.10.06"]
[SourceVersion "1"]
[SourceVersionDate "2021.10.06"]
[SourceQuality "1"]
[WhiteTeam "Cadolzburg U20"]
[BlackTeam "Kareth Lappersdorf U20"]
[WhiteTeamCountry "GER"]
[BlackTeamCountry "GER"]

1. e4 d5 2. exd5 Qxd5 3. Nc3 Qa5 4. d4 c6 5. Bc4 Nf6 6. Nge2 Bf5 7. 0-0 e6 8. Ng3 Bd6 9. Nxf5 Qxf5 10. Bd3 Qa5 11. Ne4 Nxe4 12. Bxe4 Nd7 13. Qg4 g6 14. Qf3 f5 15. Bd3 0-0-0 16. Bf4 e5 17. dxe5 Bxe5 18. c3 Qc7 19. g3 Bxf4 20. Qxf4 Qxf4 21. gxf4 Nc5 22. Bc4 Ne4 23. Rfd1 Nd2 24. Bb3 Nxb3 25. axb3 Rxd1+ 26. Rxd1 Re8 27. Kg2 Re2 28. Rb1 Kd7 29. Kf3 Re4 30. b4 Ke7 31. Rd1 Re6 32. Rd3 Re1 33. Re3+ Rxe3+ 34. fxe3 Kd6 35. c4 c5 36. b5 a6 37. bxa6 bxa6 38. e4 fxe4+ 39. Kxe4 Ke6 40. h3 h6 41. Kf3 a5 42. b3 Kf5 43. Ke3 Kf6 1/2-1/2

[Event "Mittelfranken-chTB2a 1617"]
[Site "Mittelfranken"]
[Date "2017.02.12"]
[Round "6.7"]
[White "Violis, Theodoros"]
[Black "Lehmann, Tornalf"]
[Result "1-0"]
[WhiteElo "1497"]
[BlackElo "1591"]
[PlyCount "79"]
[EventDate "2016.10.23"]
[EventType "team-tourn"]
[EventRounds "9"]
[EventCountry "GER"]
[SourceTitle "EXT 2022"]
[Source "ChessBase"]
[SourceDate "2021.10.06"]
[SourceVersion "1"]
[SourceVersionDate "2021.10.06"]
[SourceQuality "1"]
[WhiteTeam "Cadolzburg"]
[BlackTeam "Heilsbronn"]
[WhiteTeamCountry "GER"]
[BlackTeamCountry "GER"]

1. e4 Nf6 2. e5 Nd5 3. c4 Nb6 4. d4 d6 5. Nf3 dxe5 6. Nxe5 g6 7. Nc3 Bg7 8. Bf4 0-0 9. Be2 f6 10. Nf3 a6 11. 0-0 Bf5 12. d5 N8d7 13. Nd4 Ne5 14. g4 Bc8 15. b3 Nf7 16. Ne6 Bxe6 17. dxe6 Nh6 18. Qxd8 Raxd8 19. Bxc7 Rd6 20. Bxd6 exd6 21. Rad1 Nc8 22. Nd5 Re8 23. f4 Rxe6 24. Bf3 Nf7 25. Rfe1 Nd8 26. Nc7 Re7 27. Rxe7 Nxe7 28. Rxd6 Ndc6 29. Ne8 Kf7 30. Nxg7 Kxg7 31. Rd7 Kf8 32. Rxb7 h6 33. Bxc6 Nxc6 34. Rb6 Nd4 35. Rxf6+ Kg7 36. Rxa6 Ne2+ 37. Kf2 Nxf4 38. c5 Nd3+ 39. Ke3 Nxc5 40. Rc6 1-0

[Event "Landesliga U20 Nord 1617"]
[Site "Bayern"]
[Date "2017.01.21"]
[Round "5.3"]
[White "Wittmann, Jannik"]
[Black "Violis, Theodoros"]
[Result "1/2-1/2"]
[WhiteElo "1614"]
[BlackElo "1497"]
[PlyCount "115"]
[EventDate "2016.11.12"]
[EventType "team-tourn"]
[EventRounds "7"]
[EventCountry "GER"]
[SourceTitle "EXT 2022"]
[Source "ChessBase"]
[SourceDate "2021.10.06"]
[SourceVersion "1"]
[SourceVersionDate "2021.10.06"]
[SourceQuality "1"]
[WhiteTeam "Regensburg Bavaria II"]
[BlackTeam "Cadolzburg U20"]
[WhiteTeamCountry "GER"]
[BlackTeamCountry "GER"]

1. Nf3 Nf6 2. d4 d5 3. c4 e6 4. g3 c5 5. Bg2 Nc6 6. 0-0 dxc4 7. Qa4 Bd7 8. Qxc4 cxd4 9. Nxd4 Rc8 10. Rd1 Nxd4 11. Qxd4 Bc5 12. Qh4 Qb6 13. e3 Bc6 14. Nc3 0-0 15. Na4 Bxa4 16. Qxa4 Rfd8 17. a3 Rxd1+ 18. Qxd1 Rd8 19. Qc2 Rc8 20. b4 Nd7 21. Bb2 a5 22. bxc5 Rxc5 23. Qd2 Qc7 24. Rd1 Nf8 25. Qd4 e5 26. Qd3 Ne6 27. Bd5 Nf8 28. Qe4 Nd7 29. Bxb7 Rb5 30. Bc6 Nf6 31. Qd3 Qxc6 32. Qd8+ Qe8 33. Bc3 Kf8 34. Bxa5 Qxd8 35. Bxd8 Ne4 36. a4 Rb2 37. f3 Nc3 38. Ra1 Ke8 39. Ba5 Rc2 40. e4 Ne2+ 41. Kh1 Nd4 42. Ra3 Rf2 43. Bb6 Rxf3 44. Rxf3 Nxf3 45. Be3 Kd7 46. Kg2 Nd4 47. Kf2 Ne6 48. a5 Nc7 49. Ke2 Kc6 50. Kd3 Kb5 51. Bb6 Ne8 52. Bd8 h5 53. h4 g6 54. a6 Kxa6 55. Kc4 Kb7 56. Kd5 Kc8 57. Ba5 Kd7 58. Kxe5 1/2-1/2

[Event "Mittelfranken-chTB2a 1617"]
[Site "Mittelfranken"]
[Date "2016.11.13"]
[Round "2.8"]
[White "Rudek, Gerald"]
[Black "Violis, Theodoros"]
[Result "1-0"]
[WhiteElo "1464"]
[BlackElo "1497"]
[PlyCount "121"]
[EventDate "2016.10.23"]
[EventType "team-tourn"]
[EventRounds "9"]
[EventCountry "GER"]
[SourceTitle "EXT 2022"]
[Source "ChessBase"]
[SourceDate "2021.10.06"]
[SourceVersion "1"]
[SourceVersionDate "2021.10.06"]
[SourceQuality "1"]
[WhiteTeam "Dombuehl"]
[BlackTeam "Cadolzburg"]
[WhiteTeamCountry "GER"]
[BlackTeamCountry "GER"]

1. f4 Nf6 2. Nf3 e6 3. d3 g6 4. e4 Bg7 5. Be2 0-0 6. 0-0 Nc6 7. c3 d5 8. e5 Nd7 9. Na3 b6 10. Be3 Ne7 11. Nc2 c5 12. d4 Bb7 13. Qe1 Nf5 14. Bd2 f6 15. g4 Nh6 16. h3 cxd4 17. cxd4 Rc8 18. Rc1 fxe5 19. fxe5 Nf7 20. Be3 Bh6 21. Bxh6 Nxh6 22. Qd2 Nf7 23. Rf2 Qe7 24. g5 Nh8 25. h4 Rf7 26. Bd3 Nf8 27. Rcf1 Bc6 28. Nh2 Rxf2 29. Rxf2 Be8 30. Ng4 Nd7 31. Nf6+ Nxf6 32. gxf6 Qf8 33. Rg2 Nf7 34. Ne1 Qh6 35. Qxh6 Nxh6 36. h5 Nf5 37. Bxf5 exf5 38. hxg6 Bxg6 39. Rc2 Rxc2 40. Nxc2 Kf7 41. Kf2 f4 42. Ne1 Ke6 43. Nf3 Kd7 44. Nh4 Ke6 45. Kf3 Bc2 46. Kxf4 h6 47. Ng2 Bd3 48. Ne3 Bg6 49. Kg4 a5 50. Kh4 b5 51. a3 b4 52. axb4 axb4 53. Ng4 h5 54. Ne3 b3 55. Kg5 Bf7 56. Nf1 h4 57. Kxh4 Kf5 58. Nd2 Kf4 59. Nxb3 Ke3 60. Kg5 Kd3 61. Kf5 1-0

[Event "Mittelfranken-chTB2a 1314"]
[Site "Mittelfranken"]
[Date "2014.01.12"]
[Round "4.8"]
[White "Violis, Theodoros"]
[Black "Wawor, Gerhard"]
[Result "0-1"]
[WhiteElo "1387"]
[BlackElo "1861"]
[PlyCount "66"]
[EventDate "2013.10.20"]
[EventType "team-tourn"]
[EventRounds "9"]
[EventCountry "GER"]
[SourceTitle "EXT 2020"]
[Source "ChessBase"]
[SourceDate "2019.10.17"]
[SourceVersion "1"]
[SourceVersionDate "2019.10.17"]
[SourceQuality "1"]
[WhiteTeam "Cadolzburg"]
[BlackTeam "Nuernberg SK 1911 II"]
[WhiteTeamCountry "GER"]
[BlackTeamCountry "GER"]

1. d4 e6 2. e4 d5 3. Nc3 Bb4 4. e5 Ne7 5. Bd3 c5 6. Nf3 Nbc6 7. Be3 cxd4 8. Bxd4 Nxd4 9. Nxd4 Qc7 10. 0-0 Bxc3 11. bxc3 Qxe5 12. f4 Qc7 13. Kh1 a6 14. a4 Bd7 15. Qd2 Rc8 16. Ra3 0-0 17. Re1 Qa5 18. Re5 b5 19. Ne2 Nc6 20. Rh5 g6 21. Rg5 h6 22. Rg3 Kh7 23. h4 e5 24. fxe5 Nxe5 25. h5 bxa4 26. Qe3 Nxd3 27. Qxd3 Bf5 28. hxg6+ fxg6 29. Qd4 Rc4 30. Qd2 Rh4+ 31. Kg1 Qc5+ 32. Re3 Qxa3 33. Qxd5 Qa1+ 0-1